Instrumentální metody analýzy /

Hlavní autor: Pertile, Eva, 1961-
Korporativní autor: Vysoká škola báňská - Technická univerzita Ostrava. Institut environmentálního inženýrství
Další autoři: Čablík, Vladimír, 1972-
Jazyk: Čeština
Vydáno: Ostrava : VŠB - Technická univerzita Ostrava, 2006
Témata:
Externí odkaz: Digitalizovaný dokument
Fyzický popis: 238 s. : il. (převážně barev.) ; 30 cm
Knihy
Uloženo v:
LEADER 01739nam a2200409 a 4500
001 nkc20061648938
003 CZ PrNK
005 20181204235009.0
007 ta
008 060328s2006 xr a e p 001 0 cze
015 |a cnb001648938 
020 |a 80-248-1049-2  |q (brož.) 
035 |a (OCoLC)124086604 
040 |a OLA001  |b cze  |d BOA001  |d ABA001 
072 7 |a 543  |x Analytická chemie  |2 Konspekt  |9 10 
072 7 |a 37.016  |x Učební osnovy. Vyučovací předměty. Učebnice  |2 Konspekt  |9 22 
080 |a 543.5  |2 MRF 
080 |a (075.8)  |2 MRF 
100 1 |a Pertile, Eva,  |d 1961-  |7 mzk2007382111  |4 aut 
245 1 0 |a Instrumentální metody analýzy /  |c Eva Pertile, Vladimír Čablík 
260 |a Ostrava :  |b VŠB - Technická univerzita Ostrava,  |c 2006 
300 |a 238 s. :  |b il. (převážně barev.) ;  |c 30 cm 
500 |a Nad názvem: Vysoká škola báňská - Technická univerzita Ostrava, Hornicko-geologická fakulta, Institut environmentálního inženýrství 
500 |a 300 výt. 
504 |a Obsahuje bibliografii a rejstřík 
650 0 7 |a instrumentální analýza  |7 ph121125  |2 czenas 
650 0 9 |a instrumental analysis  |2 eczenas 
655 7 |a učebnice vysokých škol  |7 fd133772  |2 czenas 
655 9 |a textbooks (higher)  |2 eczenas 
700 1 |a Čablík, Vladimír,  |d 1972-  |7 mzk2005286639  |4 aut 
710 2 |a Vysoká škola báňská - Technická univerzita Ostrava.  |b Institut environmentálního inženýrství  |7 kn20010709140 
856 4 1 |u http://www.digitalniknihovna.cz/mzk/uuid/uuid:59c2d320-dce2-11e8-bc37-005056827e51  |y Digitalizovaný dokument  |x NDK 
910 2 |a BOA001  |b 3-1180.702 
928 9 |a Vysoká škola báňská - Technická univerzita Ostrava 
990 |a BK 
995 |a 01 
991 |b 200702  |c NOV